Zamestnanosť v ZTS TEES Martin závisí od realizácie rozpracovaných projektov
Krízová situácia v ZTS TEES Martin. Štruktúra výroby, neúmerne vysoký stav pracovníkov z hľadiska možností budúcej výroby. Traktory - najvýznamnejšia komodita ZTS TEES. Hlavným trhom pre traktory je Ukrajina. Špeciálna zbrojárska výroba je minimálna. Perspektívne projekty ZTS TEES.
Enregistré dans:
| Auteur principal: | |
|---|---|
| Format: | Chapitre de livre |
| Langue: | slovaque |
| Sujets: | |
| Tags: |
Pas de tags, Soyez le premier à ajouter un tag!
|
MARC
| LEADER | 00000naa a2200000 4500 | ||
|---|---|---|---|
| 001 | r032819 | ||
| 005 | 20230921084022.0 | ||
| 041 | 0 | |a slo | |
| 044 | |a SK | ||
| 245 | 1 | 0 | |a Zamestnanosť v ZTS TEES Martin závisí od realizácie rozpracovaných projektov |c Juraj Hrúz |
| 520 | |a Krízová situácia v ZTS TEES Martin. Štruktúra výroby, neúmerne vysoký stav pracovníkov z hľadiska možností budúcej výroby. Traktory - najvýznamnejšia komodita ZTS TEES. Hlavným trhom pre traktory je Ukrajina. Špeciálna zbrojárska výroba je minimálna. Perspektívne projekty ZTS TEES. | ||
| 610 | 2 | 0 | |a priemysel strojársky |
| 610 | 2 | 0 | |a strojárstvo ťažké |
| 610 | 2 | 0 | |a výroba |
| 610 | 2 | 0 | |a vývoz |
| 610 | 2 | 0 | |a počet pracovníkov |
| 610 | 2 | 0 | |a mzdy |
| 610 | 2 | 0 | |a Slovensko |
| 610 | 2 | 0 | |a ZTS TEES, a.s. Martin |
| 100 | 1 | |a Hrúz, Juraj | |